| 000 | 01206cam a2200301 a 4500 | ||
|---|---|---|---|
| 001 | 2090104 | ||
| 003 | OSt | ||
| 005 | 20250610134537.0 | ||
| 008 | 951215s1996 nyua 001 0 eng | ||
| 010 | _a 95051449 | ||
| 020 | _a9788126528615 | ||
| 040 |
_aDLC _cDLC _dDLC |
||
| 050 | 0 | 0 |
_aHG4661 _b.F5 1996 |
| 082 | 0 | 0 |
_a332.63223 _bFIS/C |
| 100 | 1 |
_aFisher, Philip A. _910555 |
|
| 245 | 1 | 0 |
_aCommon stocks and uncommon profits and other writings by Philip A. Fisher / _cPhilip A. Fisher. |
| 260 |
_aNew York : _bWiley, _cc1996. |
||
| 300 |
_axiii, 290 p. : _bill. ; _c23 cm. |
||
| 440 | 0 | _aWiley investment classics | |
| 500 | _aIncludes index. | ||
| 505 | 0 | _aCommon stocks and uncommon profits -- Conservative investors sleep well -- Developing an investment philosophy. | |
| 650 | 0 | _aStocks. | |
| 650 | 0 | _aInvestments. | |
| 856 | 4 | 2 |
_3Contributor biographical information _uhttp://www.loc.gov/catdir/bios/wiley047/95051449.html |
| 856 | 4 | 2 |
_3Publisher description _uhttp://www.loc.gov/catdir/description/wiley031/95051449.html |
| 856 | 4 |
_3Table of Contents _uhttp://www.loc.gov/catdir/toc/onix02/95051449.html |
|
| 942 |
_2ddc _cBK _h332.63223 _iFIS/C _k332.63223 _mFIS/C |
||
| 999 |
_c44558 _d44558 |
||